Normal view
MARC view
Entry Topical Term
001 - CONTROL NUMBER
- control field: 1791
003 - CONTROL NUMBER IDENTIFIER
- control field: BD-RjUL
005 - DATE AND TIME OF LATEST TRANSACTION
- control field: 20220309153250.0
008 - FIXED-LENGTH DATA ELEMENTS
- fixed length control field: 220309|| aca||aabn | a|a d
040 ## - CATALOGING SOURCE
- Original cataloging agency: BD-RjUL
- Transcribing agency: BD-RjUL
150 ## - HEADING--TOPICAL TERM
- Topical term or geographic name entry element: Correlates
- Form subdivision: Childbearing
670 ## - SOURCE DATA FOUND
- Source citation: Work cat.: (BD-RjUL)79531: Chowdhury, Md. Abdul Mazed 1790, Correlates of High-Risk and Low-Risk Childbearing Pattern in Bangladesh /, 2004